Statistics for Руководители СССР

Click here to take the quiz!

General Stats

  • This quiz has been taken 28 times
    (27 since last reset)
  • The average score is 12 of 49

Answer Stats

Фамилии% Correct
Ленин
100%
Сталин
100%
Хрущев
94%
Андропов
82%
Брежнев
82%
Черненко
82%
Горбачев
76%
Маленков
71%
Берия
35%
Жуков
35%
Троцкий
29%
Калинин
24%
Ежов
18%
Молотов
18%
кузнецов
12%
демирчян
12%
семичастный
12%
Бухарин
12%
Шелест
12%
Томский
12%
Урицкий
12%
Кунаев
12%
Суслов
12%
Алиев
12%
пельше
12%
Рыжков
12%
Булганин
12%
Микоян
12%
Рыков
12%
Каганович
12%
Каменев
12%
Киров
12%
Куйбышев
12%
щербицкий
12%
Ягода
12%
Свердлов
12%
Устинов
6%
Косыгин
6%
Яковлев
6%
Жданов
6%
шеварднадзе
6%
Зиновьев
6%
Тихонов
6%
яковлев
6%
Лигачев
6%
Громыко
0%
Ворошиллв
0%
Вознесенский
0%
Луначарский
0%

Score Distribution

Percentile by Number Answered

Percent of People with Each Score

Your Score History

You have not taken this quiz since the last reset